00447nam a2200121 a 4500008004100000050002700041110006900068245008200137260005900219300001500278350000900293650002300302120416s2001 ||||||||||||||||| || u aGOV.ZAM(05)NASB/2001/8 aGovernment of the Republic of Zambia. Central Statistical Office10aNational accounts statistical bulletincBy Central Statistical Office (C.S.O) aLusaka:bCentral Statistical Office (CSO)-Zambiac2001 a32p.: ill. a0.00 aSTATISTICS--ZAMBIA